000 00541nam a22002177a 4500
003 IT-MiCISF
005 20250129110418.0
008 250129b |||||||| |||| 00| 0 eng d
040 _cIT-MiCISF
041 _ait
100 _aMacconi Chiara
_961417
245 _aLa vecchiaia in discussione
250 _a"Famiglia oggi", n. 5, settembre-ottobre
260 _c2013
300 _app. 100-105
310 _abimestrale
500 _aanziani, cultura, massmedia
650 _aTerza-età
654 _aarticolo
942 _2ddc
_cCR
999 _c360371
_d360371